000 00474nmm a2200157Ia 4500
008 251105s9999||||xx |||||||||||||||||und||
020 _a9788468739571
041 _aspa
100 _aMonroe, Lucy
245 0 _aEl precio del deber/El principe de los secretos
264 _a[Madrid, España] :
_bHarlequin,
_c[Fecha de publicación no identificada]
300 _a0 páginas
650 _aRomance
856 _uhttps://public.digitaliapublishing.com/a/92477
942 _cCF
999 _c84071
_d84071